Loading...
The oneness/otherness mystery/
| Main Author: | |
|---|---|
| Format: | Printed Book |
| Published: |
New Delhi:
Motilal Banarsidass,
1999.
|
| Subjects: |
| LEADER | 00487nam a22001451a 4500 | ||
|---|---|---|---|
| 999 | |c 32257 |d 32257 | ||
| 020 | |a 9788120816541 | ||
| 082 | |a 149.3 |b SUT/T | ||
| 100 | |a Sutapas Bhattacharya | ||
| 245 | |a The oneness/otherness mystery/ |c by Sutapas Bhattacharya. | ||
| 260 | |a New Delhi: |b Motilal Banarsidass, |c 1999. | ||
| 300 | |a 677 | ||
| 650 | |a Mysticism | ||
| 942 | |c BK | ||
| 952 | |0 0 |1 0 |4 0 |6 149_300000000000000_N99 |7 0 |9 46714 |a SSUS |b SSUS |d 2015-01-08 |g 0.00 |o 149.3 N99 |p 044528 |r 2015-01-08 |v 0.00 |w 2015-01-08 |y BK | ||